[Event "Lisbon Portugal rapid op"]
[Site "Lisbon"]
[Date "2022.09.03"]
[Round "2"]
[White "Roxo, Agostinho Jose Gonc"]
[Black "Santos, Jose Guilherme B Li"]
[Result "0-1"]
[WhiteElo "1830"]
[BlackElo "2384"]
[PlyCount "42"]
[EventDate "2022.09.03"]
[EventType "swiss (rapid)"]
[EventRounds "11"]
[EventCountry "POR"]
[SourceTitle "CBM 210 Extra"]
[Source "ChessBase"]
[SourceDate "2022.11.30"]
[SourceVersion "1"]
[SourceVersionDate "2022.11.30"]
[SourceQuality "1"]

1. c4 c5 2. Nc3 g6 3. d3 Bg7 4. e4 Nc6 5. Be3 d6 6. Be2 e6 7. Nf3 Nge7 8. 0-0 0-0 9. d4 b6 10. d5 Na5 11. Qd2 Rb8 12. Rab1 a6 13. Rfd1 e5 14. b4 Nb7 15. a4 Bd7 16. b5 a5 17. h3 f5 18. Bh6 Rf7 19. Bd3 Qf8 20. Rf1 Bxh6 21. Qxh6 Qxh6 0-1

[Event "Lisbon Simoes Memorial 3rd"]
[Site "Lisbon"]
[Date "2019.10.09"]
[Round "2"]
[White "Morais, Miguel Almeida"]
[Black "Roxo, Agostinho Jose Gonc"]
[Result "1/2-1/2"]
[WhiteElo "1379"]
[BlackElo "1837"]
[PlyCount "150"]
[EventDate "2019.10.02"]
[EventType "swiss"]
[EventRounds "5"]
[EventCountry "POR"]
[SourceTitle "CBM 192 Extra"]
[Source "Chessbase"]
[SourceDate "2019.11.06"]
[SourceVersion "1"]
[SourceVersionDate "2019.11.06"]
[SourceQuality "1"]

1. d4 d5 2. c4 c6 3. Nf3 e6 4. Qc2 f5 5. Bf4 Nf6 6. e3 Bd6 7. Bd3 0-0 8. 0-0 Nh5 9. Bxd6 Qxd6 10. Nbd2 g6 11. Ne5 Nd7 12. Ndf3 Nhf6 13. Rfc1 Qe7 14. Rab1 Qg7 15. cxd5 exd5 16. b4 Ng4 17. Nxd7 Bxd7 18. b5 Rfc8 19. bxc6 Bxc6 20. Bb5 Qe7 21. Bxc6 Rxc6 22. Qb3 Nf6 23. Rxc6 bxc6 24. Qb7 Qxb7 25. Rxb7 Rc8 26. Rxa7 c5 27. dxc5 Rxc5 28. Kf1 Rc1+ 29. Ne1 Ra1 30. Ke2 Ne4 31. f3 Rxa2+ 32. Rxa2 Nc3+ 33. Kd3 Nxa2 34. Nc2 Kf7 35. Kd4 Ke6 36. Kc5 g5 37. f4 gxf4 38. exf4 Nc3 39. Nd4+ Kf6 40. Kd6 h6 41. g3 h5 42. Nf3 Nb5+ 43. Kxd5 Nc7+ 44. Kd6 Ne8+ 45. Kd7 Ng7 46. Ng5 Kg6 47. Ke7 h4 48. gxh4 Nh5 49. Ne6 Nf6 50. Nf8+ Kg7 51. Nd7 Nd5+ 52. Ke6 Nxf4+ 53. Kxf5 Nh3 54. Nc5 Kh6 55. Kg4 Nf2+ 56. Kg3 Nd1 57. Ne4 Ne3 58. Nf6 Kg6 59. Ng4 Nf5+ 60. Kh3 Kh5 61. Nf6+ Kg6 62. Ne4 Kh5 63. Ng3+ Kg6 64. h5+ Kg5 65. Kg2 Nxg3 66. hxg3 Kxh5 67. Kf3 Kg5 68. g4 Kg6 69. Kf4 Kf6 70. g5+ Kg6 71. Kg4 Kg7 72. Kh5 Kh7 73. g6+ Kg7 74. Kg5 Kg8 75. Kf5 Kg7 1/2-1/2

[Event "BdF-Smaragd 10 email"]
[Site "GER email"]
[Date "2019.06.19"]
[Round "?"]
[White "Baron, Margaret"]
[Black "Roxo, Agostinho Jose Gonc"]
[Result "1/2-1/2"]
[WhiteElo "1831"]
[BlackElo "1947"]
[PlyCount "46"]
[EventDate "2019.??.??"]
[EventType "tourn (corr)"]
[EventRounds "16"]
[EventCountry "GER"]
[SourceTitle "Corr 2020"]
[Source "ChessBase"]
[SourceDate "2019.09.30"]
[SourceVersion "1"]
[SourceVersionDate "2019.09.30"]
[SourceQuality "1"]

1. Nf3 d5 2. d4 Bf5 3. Bf4 e6 4. Ne5 Bd6 5. e3 Nf6 6. Nd2 Nbd7 7. Be2 0-0 8. g4 Bg6 9. h4 h6 10. g5 Bxe5 11. dxe5 hxg5 12. hxg5 Ne4 13. Nxe4 dxe4 14. Qd4 c5 15. Qd2 Nb6 16. 0-0-0 Qxd2+ 17. Rxd2 c4 18. c3 Rac8 19. Rd4 Rfd8 20. Rxd8+ Rxd8 21. Re1 Kf8 22. Rh1 a5 23. Kc2 Ke7 1/2-1/2

[Event "BdF-Smaragd 10 email"]
[Site "GER email"]
[Date "2019.06.19"]
[Round "?"]
[White "Roxo, Agostinho Jose Gonc"]
[Black "Berger, Gerhard"]
[Result "1-0"]
[WhiteElo "1947"]
[BlackElo "1792"]
[PlyCount "33"]
[EventDate "2019.??.??"]
[EventType "tourn (corr)"]
[EventRounds "16"]
[EventCountry "GER"]
[SourceTitle "Corr 2020"]
[Source "ChessBase"]
[SourceDate "2019.09.30"]
[SourceVersion "1"]
[SourceVersionDate "2019.09.30"]
[SourceQuality "1"]

1. c4 e5 2. Nc3 Nf6 3. g3 Bb4 4. Qc2 Nc6 5. Nf3 0-0 6. Bg2 Re8 7. 0-0 Nd4 8. Nxd4 exd4 9. Nb5 Bc5 10. b4 Bxb4 11. Nxd4 d5 12. cxd5 Nxd5 13. Qc4 c5 14. Bxd5 Qf6 15. Bb2 cxd4 16. Qxb4 Rb8 17. Rfc1 1-0

[Event "BdF-Smaragd 10 email"]
[Site "GER email"]
[Date "2019.06.19"]
[Round "?"]
[White "Roxo, Agostinho Jose Gonc"]
[Black "Heiermann, Ludger"]
[Result "1/2-1/2"]
[WhiteElo "1947"]
[BlackElo "1864"]
[PlyCount "67"]
[EventDate "2019.??.??"]
[EventType "tourn (corr)"]
[EventRounds "16"]
[EventCountry "GER"]
[SourceTitle "Corr 2020"]
[Source "ChessBase"]
[SourceDate "2019.09.30"]
[SourceVersion "1"]
[SourceVersionDate "2019.09.30"]
[SourceQuality "1"]

1. c4 e5 2. Nc3 Nf6 3. g3 Bb4 4. Bg2 0-0 5. Nf3 Nc6 6. 0-0 e4 7. Ng5 Bxc3 8. bxc3 Re8 9. d3 exd3 10. exd3 h6 11. Nf3 d5 12. cxd5 Nxd5 13. Bd2 Bf5 14. d4 Nb6 15. Nh4 Be4 16. Bxe4 Rxe4 17. Qh5 Qd5 18. Qxd5 Nxd5 19. Rfe1 Rae8 20. Nf5 Rxe1+ 21. Rxe1 Rxe1+ 22. Bxe1 Na5 23. Kf1 Nc4 24. Ke2 Kf8 25. Ne3 Ndxe3 26. fxe3 h5 27. h3 Ke7 28. Kf3 b5 29. h4 f6 30. e4 c6 31. g4 hxg4+ 32. Kxg4 g6 33. Bf2 a6 34. Kf4 1/2-1/2

[Event "Lisbon Portugal rapid op"]
[Site "Lisbon"]
[Date "2019.02.10"]
[Round "1"]
[White "Fernandes, Antonio ETG"]
[Black "Roxo, Agostinho Jose Gonc"]
[Result "1-0"]
[WhiteElo "2405"]
[BlackElo "1837"]
[PlyCount "53"]
[EventDate "2019.02.10"]
[EventType "swiss (rapid)"]
[EventRounds "8"]
[EventCountry "POR"]
[SourceTitle "CBM 188 Extra"]
[Source "ChessBase"]
[SourceDate "2019.02.26"]
[SourceVersion "1"]
[SourceVersionDate "2019.02.26"]
[SourceQuality "1"]

1. e4 c5 2. Nf3 Nc6 3. Bb5 d6 4. d4 cxd4 5. Qxd4 Bd7 6. Bxc6 Bxc6 7. Nc3 Nf6 8. Bg5 e5 9. Qd3 Be7 10. 0-0-0 0-0 11. Kb1 Ne8 12. Bxe7 Qxe7 13. Nd5 Qe6 14. c4 Rc8 15. b3 Bxd5 16. Qxd5 Qe7 17. Rd2 Rc6 18. Qb5 Rc5 19. Qb4 Nf6 20. Re1 Rd8 21. Ng1 Qc7 22. f3 a5 23. Qa4 Rc8 24. Ne2 b5 25. cxb5 Rc2 26. b6 Qc5 27. b7 1-0

[Event "POR CupT qf  40th"]
[Site "Portugal"]
[Date "2018.06.09"]
[Round "4.2"]
[White "Roxo, Agostinho Jose Gonc"]
[Black "Pereira, Antonio Pedro Caram"]
[Result "1/2-1/2"]
[WhiteElo "1838"]
[BlackElo "2117"]
[PlyCount "84"]
[EventDate "2017.12.16"]
[EventType "team-k.o."]
[EventRounds "6"]
[EventCountry "POR"]
[SourceTitle "EXT 2019"]
[Source "ChessBase"]
[SourceDate "2018.10.10"]
[SourceVersion "1"]
[SourceVersionDate "2018.10.10"]
[SourceQuality "1"]
[WhiteTeam "EDP Club"]
[BlackTeam "Porto D"]
[WhiteTeamCountry "POR"]
[BlackTeamCountry "POR"]

1. c4 Nf6 2. d4 e6 3. Nc3 Bb4 4. Bd2 0-0 5. e3 d5 6. a3 Be7 7. c5 b6 8. b4 c6 9. Bd3 a5 10. f4 Ba6 11. Bxa6 Nxa6 12. Qb1 axb4 13. axb4 bxc5 14. bxc5 Rb8 15. Qc1 Nb4 16. Ke2 Ne4 17. Nh3 Qc8 18. Nxe4 dxe4 19. Bxb4 Rxb4 20. Qc2 e5 21. Rhb1 exd4 22. Qxe4 Rxb1 23. Rxb1 Bxc5 24. Qc2 Be7 25. exd4 Bf6 26. Rd1 Qd7 27. Qc5 Rd8 28. Rc1 Re8+ 29. Kf1 Qe7 30. Ng1 Qe3 31. Rd1 Bh4 32. g3 Bf6 33. Qxc6 h6 34. Qc4 Rd8 35. d5 Rb8 36. Re1 Qa3 37. Qe4 Bc3 38. Rd1 Qd6 39. Ne2 Ba5 40. Qe5 Qxe5 41. fxe5 Re8 42. d6 Rxe5 1/2-1/2

[Event "Lisbon Portugal rapid op"]
[Site "Lisbon"]
[Date "2017.02.11"]
[Round "8"]
[White "Basilio, Rodrigo"]
[Black "Roxo, Agostinho Jose Gonc"]
[Result "0-1"]
[WhiteElo "1518"]
[BlackElo "1828"]
[PlyCount "98"]
[EventDate "2017.02.11"]
[EventType "swiss (rapid)"]
[EventRounds "8"]
[EventCountry "POR"]
[SourceTitle "CBM 176 Extra"]
[Source "ChessBase"]
[SourceDate "2017.03.02"]
[SourceVersion "1"]
[SourceVersionDate "2017.03.02"]
[SourceQuality "1"]

1. e4 c5 2. Nf3 Nc6 3. d4 cxd4 4. Nxd4 Nf6 5. Nc3 e6 6. Ndb5 d6 7. Bg5 a6 8. Bxf6 gxf6 9. Nd4 Qb6 10. Nb3 Bh6 11. Qf3 Ke7 12. Qh3 Bg5 13. g3 e5 14. Qh5 Be6 15. h4 Be3 16. fxe3 Qxe3+ 17. Qe2 Qxg3+ 18. Qf2 Rhg8 19. Qxg3 Rxg3 20. 0-0-0 Rag8 21. Nd5+ Bxd5 22. exd5 Nd8 23. c4 f5 24. c5 dxc5 25. Nxc5 Kd6 26. Nb3 f4 27. Nd2 Kxd5 28. Nc4+ Ke6 29. Bh3+ Kf6 30. Rd6+ Ne6 31. Bxe6 fxe6 32. Re1 Rc8 33. b3 b5 34. Rxa6 bxc4 35. bxc4 Rxc4+ 36. Kb1 Rh3 37. Ra5 e4 38. Rh5 f3 39. Rxh7 f2 40. Rf1 e3 41. Rb7 Rhxh4 42. Rb2 Rhf4 43. Re2 Rf3 44. Kb2 Rd4 45. Kc2 Ke5 46. Kc3 Ke4 47. Kc2 Rf5 48. Kc3 Rc5+ 49. Kb3 Kf3 0-1

[Event "Lisbon Portugal op"]
[Site "Lisbon"]
[Date "2017.02.09"]
[Round "8"]
[White "Roxo, Agostinho Jose Gonc"]
[Black "Antunes, Ana"]
[Result "1-0"]
[WhiteElo "1828"]
[BlackElo "1113"]
[PlyCount "97"]
[EventDate "2017.02.04"]
[EventType "swiss"]
[EventRounds "9"]
[EventCountry "POR"]
[SourceTitle "CBM 176 Extra"]
[Source "ChessBase"]
[SourceDate "2017.03.02"]
[SourceVersion "1"]
[SourceVersionDate "2017.03.02"]
[SourceQuality "1"]

1. c4 e5 2. Nc3 Nf6 3. Nf3 Nc6 4. e4 Bb4 5. d3 0-0 6. Bd2 d6 7. Be2 Ne7 8. 0-0 h6 9. Qc1 a6 10. a3 Ba5 11. b4 Bb6 12. Be3 Bxe3 13. Qxe3 Ng4 14. Qd2 b6 15. h3 Nf6 16. Nh2 c5 17. Rab1 Nc6 18. f4 Nd4 19. f5 Re8 20. Bd1 Bb7 21. Qb2 Bc6 22. Nf3 Qc7 23. Ne2 Reb8 24. Nfxd4 cxd4 25. Ng3 Bd7 26. Rc1 a5 27. b5 Rc8 28. a4 Qc5 29. Qe2 Qc7 30. Qd2 d5 31. exd5 Nxd5 32. Bf3 Ne3 33. Bxa8 Nxf1 34. Rxf1 Rxa8 35. f6 Qd6 36. Ne4 Qe6 37. Kh2 Bc8 38. Qf2 Ra7 39. Qg3 g6 40. Qh4 h5 41. g4 Kf8 42. gxh5 gxh5 43. Qxh5 Ke8 44. c5 Bb7 45. Nd6+ Kd7 46. Nxb7 Rxb7 47. c6+ Kc7 48. cxb7 Kxb7 49. Qf3+ 1-0

[Event "Lisbon Portugal op"]
[Site "Lisbon"]
[Date "2017.02.05"]
[Round "4"]
[White "Roxo, Agostinho Jose Gonc"]
[Black "Bartolo, Filipe Diogo Correi"]
[Result "1/2-1/2"]
[WhiteElo "1828"]
[BlackElo "1420"]
[PlyCount "74"]
[EventDate "2017.02.04"]
[EventType "swiss"]
[EventRounds "9"]
[EventCountry "POR"]
[SourceTitle "CBM 176 Extra"]
[Source "ChessBase"]
[SourceDate "2017.03.02"]
[SourceVersion "1"]
[SourceVersionDate "2017.03.02"]
[SourceQuality "1"]

1. c4 e5 2. Nc3 Nf6 3. e4 Bc5 4. d3 h6 5. Be2 d6 6. h3 Nc6 7. Nf3 0-0 8. 0-0 Nh7 9. a3 f5 10. b4 Bd4 11. Nxd4 Nxd4 12. Be3 Nxe2+ 13. Nxe2 f4 14. Bd2 Qg5 15. Kh2 Qh5 16. f3 Rf6 17. Ng1 g5 18. Be1 Rg6 19. d4 Be6 20. Rc1 Rf8 21. dxe5 dxe5 22. Rc3 Nf6 23. g4 fxg3+ 24. Bxg3 g4 25. h4 gxf3 26. Qe1 Ng4+ 27. Kh1 f2 28. Bxf2 Nxf2+ 29. Rxf2 Qxh4+ 30. Nh3 Rxf2 31. Qxf2 Qxe4+ 32. Kh2 Bxh3 33. Rxh3 Qxc4 34. Rf3 Qe6 35. Qxa7 Kg7 36. Qc5 Qd6 37. Qc3 Rf6 1/2-1/2

[Event "POR-ch rapid Seniors 50+"]
[Site "Luso"]
[Date "2016.07.20"]
[Round "5"]
[White "Carneiro, Carlos Alberto Carv"]
[Black "Roxo, Agostinho Jose Gonc"]
[Result "1-0"]
[WhiteElo "2176"]
[BlackElo "1867"]
[PlyCount "85"]
[EventDate "2016.07.20"]
[EventType "swiss (rapid)"]
[EventRounds "6"]
[EventCountry "POR"]
[SourceTitle "EXT 2018"]
[Source "ChessBase"]
[SourceDate "2017.10.13"]
[SourceVersion "1"]
[SourceVersionDate "2017.10.13"]
[SourceQuality "1"]

1. d4 d5 2. Nf3 c6 3. c4 e6 4. cxd5 exd5 5. Qc2 Nf6 6. Nc3 Bb4 7. a3 Ba5 8. Bg5 h6 9. Bh4 0-0 10. e3 Be6 11. Bd3 Nbd7 12. 0-0 Rc8 13. b4 Bc7 14. Na4 Bg4 15. Bg3 Bxf3 16. gxf3 Nh5 17. Bf5 b6 18. Rac1 Bxg3 19. hxg3 Qe7 20. Kg2 Nhf6 21. Qd3 g6 22. Bh3 b5 23. Nc5 Nxc5 24. Rxc5 Rc7 25. Rfc1 a5 26. Rxc6 Rxc6 27. Rxc6 axb4 28. axb4 Nh5 29. Qxb5 Rd8 30. Rb6 Kg7 31. Qc5 Qxc5 32. dxc5 Nf6 33. c6 Ne8 34. Bd7 Kf8 35. Bxe8 Kxe8 36. b5 Ke7 37. Rb7+ Kd6 38. c7 Rc8 39. b6 f5 40. Rb8 Kd7 41. f4 g5 42. fxg5 hxg5 43. f4 1-0